Problem duše
| Main Author: | |
|---|---|
| Format: | Print Book |
| Subito Delivery Service: | Order now. |
| Check availability: | HBZ Gateway |
| WorldCat: | WorldCat |
| Interlibrary Loan: | Interlibrary Loan for the Fachinformationsdienste (Specialized Information Services in Germany) |
| Published: |
Split
Crkva u Svijetu
1974
|
| In: |
Biblioteka crkve u svijetu (6)
Year: 1974 |
| Series/Journal: | Biblioteka crkve u svijetu
6 |
| Further subjects: | B
Soul
B Dogmatics |
MARC
| LEADER | 00000cam a22000002c 4500 | ||
|---|---|---|---|
| 001 | 1181058643 | ||
| 003 | DE-627 | ||
| 005 | 20240503195351.0 | ||
| 007 | tu | ||
| 008 | 040423s1974 xx ||||| 00| ||srp c | ||
| 035 | |a (DE-627)1181058643 | ||
| 035 | |a (DE-576)111058643 | ||
| 035 | |a (DE-599)BSZ111058643 | ||
| 035 | |a (OCoLC)314717900 | ||
| 040 | |a DE-627 |b ger |c DE-627 |e rakwb | ||
| 041 | |a srp | ||
| 084 | |a 1 |2 ssgn | ||
| 100 | 1 | |a Merćep, Vladimir |4 aut | |
| 245 | 1 | 0 | |a Problem duše |c Vladimir Merćep |
| 264 | 1 | |a Split |b Crkva u Svijetu |c 1974 | |
| 300 | |a 87 S. | ||
| 336 | |a Text |b txt |2 rdacontent | ||
| 337 | |a ohne Hilfsmittel zu benutzen |b n |2 rdamedia | ||
| 338 | |a Band |b nc |2 rdacarrier | ||
| 490 | 1 | |a Biblioteka "Crkve u svijetu" |v 6 | |
| 583 | 1 | |a Archivierung prüfen |c 20200919 |f DE-640 |z 1 |2 pdager | |
| 583 | 1 | |a Archivierung/Langzeitarchivierung gewährleistet |f SSG |x XA-DE-BW |2 pdager |5 DE-21 | |
| 650 | 0 | 7 | |0 (DE-588)4012624-9 |0 (DE-627)106347608 |0 (DE-576)208899448 |a Dogmatik |2 gnd |
| 650 | 0 | 7 | |0 (DE-588)4054146-0 |0 (DE-627)106163752 |0 (DE-576)209107626 |a Seele |2 gnd |
| 830 | 0 | |a Biblioteka crkve u svijetu |v 6 |9 6 |w (DE-627)168462028 |w (DE-576)019397720 |w (DE-600)754769-9 |7 am | |
| 935 | |a mteo | ||
| 951 | |a BO | ||
| ELC | |b 1 | ||
| ITA | |a 1 |t 1 | ||
| LOK | |0 000 xxxxxcx a22 zn 4500 | ||
| LOK | |0 001 2441680013 | ||
| LOK | |0 003 DE-627 | ||
| LOK | |0 004 1181058643 | ||
| LOK | |0 005 20090825171450 | ||
| LOK | |0 008 040423||||||||||||||||ger||||||| | ||
| LOK | |0 040 |a DE-21 |c DE-627 |d DE-21 | ||
| LOK | |0 852 |a DE-21 | ||
| LOK | |0 852 1 |c 3 E 3998 |9 00 | ||
| LOK | |0 935 |a tub1 |a konv |a theo |a sepp | ||
| LOK | |0 939 |a 23-04-04 |b l01 | ||
| ORI | |a SA-MARC-ixtheoa001.raw | ||
| STA | 0 | 0 | |a Dogmatics,Soul,Soul,Soul in art |
| STB | 0 | 0 | |a Dogmatique,Âme,Âme |
| STC | 0 | 0 | |a Alma,Alma,Dogmática |
| STD | 0 | 0 | |a Anima,Anima,Dogmatica |
| STE | 0 | 0 | |a 教义学,灵魂,灵魂,精神,精神 |
| STF | 0 | 0 | |a 教義學,靈魂,靈魂,精神,精神 |
| STG | 0 | 0 | |a Alma,Alma,Dogmática |
| STH | 0 | 0 | |a Догматика,Душа (мотив),Душа |
| STI | 0 | 0 | |a Δογματική,Ψυχή (μοτίβο),Ψυχή |
| SYE | 0 | 0 | |a Glaubenslehre , Seelenlehre |